| 000 | 00676nam a2200229 a 4500 | ||
|---|---|---|---|
| 001 | BRCA_6301 | ||
| 005 | 20190320205414.0 | ||
| 008 | 040811s1930----nyuabo####---#000-0#eng-# | ||
| 041 | _aeng | ||
| 044 | _anyu | ||
| 050 | 4 |
_aQL737 _b.C27 1930 |
|
| 100 | 1 |
_aHolzworth, John M. _915805 |
|
| 245 | 1 | 0 |
_aThe wild grizzlies of Alaska _cJohn M. Holzworth. |
| 260 |
_aNueva York _bG. P. Putnam´s Sons _c1930 |
||
| 300 |
_axxi, 417 p. _bil. (algunas a color), mapas, fotografías _c25 cm. |
||
| 500 | _aIncluye lista de ilustraciones e índice alfabético | ||
| 500 | _aK162 | ||
| 650 | 1 | 4 |
_aOso _zAlaska _915806 |
| 650 | 1 | 4 |
_aCaza _zAlaska _915807 |
| 902 | _aGFM | ||
| 942 |
_2lcc _cB |
||
| 999 |
_c5987 _d5987 |
||